000 00693nam a2200241Ia 4500
003 OSt
005 20220923213432.0
006 a|||||r|||| 00| 0
007 ta
008 220922b |||||||| |||| 00| 0 hin d
024 _a162,036
037 _cTextual
040 _aARTS
_cARTS
_bhin
041 _2hin
_ahin
082 _aO152:2N03:32, L3
100 _aमिश्र, लक्ष्मीनारायण
245 0 _aमृत्युंजय
246 _aMṛutyuanjaya
250 _aसंस्क0 3
260 _c1973
942 _hO152:2N03:32, L3
_cTEXL
_2CC
999 _c316539
_d316539